000 007080000a22001930004500
999 _c59864
_d59864
001 768714001
003 CO-MdFUSB
005 20170714163341.0
008 170714s1990 ag ||||| |||| 00| 0 spa d
022 _a0122-2996
040 _aCO-MdFUSB
_bspa
_cCO-MdFUSB
_dCO-MdFUSB
041 _aspa
100 1 _aAnónimo
245 1 0 _aIII Congreso loatinoamericano de evangelización :
_btodo el evangelio para todos los pueblos desde América Latina - Segunda quincena de Agosto de 1992
300 _aVolumen 22. Número 37 (1990), Páginas 69-72
_c22 cm.
546 _aTexto en español
773 0 _tBoletín Teológico
_049507
_961471
_gVolumen 22. Número 37 (1990), Páginas 69-72
_q Página 69
942 _cANA